000 00582pab a2200205 454500
008 180718b2008 xxu||||| |||| 00| 0 eng d
100 _aGuntupalli, Aravinda Meera
245 _aWomen's autonomy, contraceptive use and fertility: a comparative study of tribal and non-tribal women in India
260 _c2008
300 _ap.61-80.
362 _aJan-Mar
650 _aContraception - India
650 _aFertility - India
650 _aWomen - India
650 _aWomen
700 _aNangia, Parveen
773 _aEastern Anthropologist
908 _aN
909 _a78557
999 _c78557
_d78557